Statistics for Countries with the Most Plague Deaths

Click here to take the quiz!

General Stats

  • This quiz has been taken 98 times
  • The average score is 4 of 10

Answer Stats

#Country% Correct
516D.R.Congo
82%
110China
68%
130Uganda
55%
34Zimbabwe
53%
235Tanzania
49%
70Namibia
47%
1020Madagascar
36%
175Vietnam
23%
36Mongolia
18%
60Peru
14%

Score Distribution

Percentile by Number Answered

Percent of People with Each Score

Your Score History

You have not taken this quiz